Política tributaria y sus reformas en Honduras /
Reseña brevemente las reformas impulsdas en la política y administración tributaria en Honduras, a partir de los años noventas. REV//jmml
Saved in:
| Main Author: | |
|---|---|
| Other Authors: | , , |
| Format: | Text |
| Subjects: | |
| Tags: |
Add Tag
No Tags, Be the first to tag this record!
|
MARC
| LEADER | 00000 a a2200000 04500 | ||
|---|---|---|---|
| 001 | 14129 | ||
| 003 | |||
| 040 | |||
| 100 | |a Cárdenas Paz, Rolando | ||
| 245 | |a Política tributaria y sus reformas en Honduras / |c Rolando Cárdenas Paz | ||
| 520 | |a Reseña brevemente las reformas impulsdas en la política y administración tributaria en Honduras, a partir de los años noventas. REV//jmml | ||
| 650 | |a POLITICA FISCAL | ||
| 650 | |a MODERNIZACION | ||
| 650 | |a SUSTITUCION DE IMPORTACIONES | ||
| 650 | |a CONTROL SOCIAL | ||
| 650 | |a CORRUPCION | ||
| 650 | |a EVASION TRIBUTARIA | ||
| 650 | |a ADMINISTRACION FISCAL | ||
| 650 | |a PLANIFICACION ECONOMICA | ||
| 650 | |a INGRESO | ||
| 650 | |a DEFICIT FISCAL | ||
| 700 | |a Sierra, Yessenia Patricia | ||
| 700 | |a Mendoza Tabora, Javier | ||
| 700 | |a Fremiot Viana, Max Mora | ||
| 773 | |g número 37; páginas 167-171 | ||
| 999 | |c 24612 |d 24612 | ||
